000 01800nam a2200541 i 4500
001 37048
003 KOSZ 005
005 20221122141044.0
008 000524s2000 pl |000 0 pol
015 _aUWD 2000/9516
020 _a838686186X
035 _a991013978139705066
035 _a(PL-WaBN)b13758779-48omnis_nlop
035 _ab13758779
035 _a(OCoLC)750561484
035 _axx001604019
035 _a(PL)b0000001375877
035 _a(EXLNZ-48OMNIS_NETWORK)9910206434605606
040 _aWA N
_cWA N
_dKOSZ 005/HR
041 1 _apol
_heng
046 _k2000
080 _a004.42
080 _a004.4'232
080 _a(07)
100 1 _aSteele, Heidi
_eAutor
245 1 0 _aPoznaj Microsoft Word 2000 w 24 godziny /
_cHeidi Steele ; tł. Jacek Szporko.
246 1 _iTyt. oryg.:
_aTeach yourself Microsoft Word 2000 in 24 hours,
_f1999
260 _aWarszawa :
_b"Intersoftland",
_c2000.
300 _aXIV, 407 s. ;
_c24 cm.
336 _aTekst
_btxt
_2rdacontent
337 _aBez urządzenia pośredniczącego
_bn
_2rdamedia
338 _aWolumin
_bnc
_2rdacarrier
380 _aKsiążki
388 _a1901-2000
388 _a1989-2000
490 1 _aPoznaj w 24 Godziny
500 _aNa okł. podtyt.: gdy masz czas tylko na właściwe rozwiązania : 24 jednogodzinne lekcje.
650 7 _aEdytory tekstu
_2DBN
650 7 _aWord
_2DBN
655 7 _aPodręcznik
_2DBN
658 _aInformatyka i technologie informacyjne
700 1 _aSzporko, Jacek
_eTłumaczenie
710 2 _aIntersoftland
_4pbl
830 0 _aPoznaj w 24 Godziny
856 _uhttp://koha.tu.koszalin.pl/cgi-bin/koha/opac-detail.pl?biblionumber=37048
_yKatalog online BPK
942 _2UKD
_cKS
999 _c37048
_d37048